A dança da vida (Record no. 851443)
[ view plain ]
| 000 -CABECERA | |
|---|---|
| Campo de control de longitud fija | 00640nab a2200157 4500 |
| 003 - IDENTIFICADOR DEL NÚMERO DE CONTROL | |
| Campo de control | ES-SlBCS |
| 005 - FECHA Y HORA DE LA ÚLTIMA TRANSACCIÓN | |
| Campo de control | 20210327231214.0 |
| 008 - CÓDIGOS DE INFORMACIÓN DE LONGITUD FIJA | |
| Campo de control de longitud fija | 150320s2014 bl ||||| |||| 00| 0 por d |
| 040 ## - FUENTE DE LA CATALOGACIÓN | |
| Centro catalogador del origen | ES-SlBCS |
| Lengua de catalogación | spa |
| 100 1# - PUNTO DE ACCESO PRINCIPAL-NOMBRE DE PERSONA | |
| Nombre de persona | Freitas da Silva, Claudinei Aparecido de |
| 9 (RLIN) | 210077 |
| 245 12 - MENCIÓN DE TÍTULO | |
| Título | A dança da vida |
| Resto del título | : Buytendijk e a fenoemnologia do encontro |
| Mención de responsabilidad, etc. | Claudinei Aparecido de Freitas da Silva |
| 246 11 - VARIANTE DE TÍTULO | |
| Título propio / Titulo en breve | The dance of life |
| Resto de título | : Buytendijk and phenomenology of the encounter |
| 600 14 - PUNTO DE ACCESO ADICIONAL DE MATERIA-NOMBRE DE PERSONA | |
| Nombre personal | Buytendijk, F. J. J. |
| Subdivisión general | Crítica e interpretación |
| 9 (RLIN) | 407939 |
| 773 0# - ENLACE AL DOCUMENTO FUENTE | |
| Parte(s) relacionada(s) | Nº 13, 2014, págs. 123-143 |
| Título | Estudos Filosóficos |
| Número de control del registro relacionado | Rev1205 |
| Número Internacional Normalizado para Publicaciones Seriadas (ISSN) | 1982-9124 |
| 942 ## - ENTRADA DE ELEMENTOS AGREGADOS (KOHA) | |
| Fuente de clasificaión o esquema | |
| Koha [por defecto] tipo de item | Artículos de revista |
| Suprimido | Perdido | Fuente de clasificación o esquema | Estropeado | No para préstamo | Localización permanente | Localización actual | Localización en estantería | Fecha adquisición | Préstamos totales | Fecha última consulta | Fecha del precio de reemplazo | Tipo de item de Koha |
|---|---|---|---|---|---|---|---|---|---|---|---|---|
| San Esteban | San Esteban | Depósito de revistas | 20/03/2015 | 20/03/2015 | 20/03/2015 | Artículos de revista |
